El reconocimiento de Rusia : Un clima de mutua desconfianza.
Guardado en:
| Formato: | |
|---|---|
| Series: | Entre dos guerras
|
| Materias: | |
| Etiquetas: |
Agregar Etiqueta
Sin Etiquetas, Sea el primero en etiquetar este registro!
|
| LEADER | 01012ngm a22002655g 4500 | ||
|---|---|---|---|
| 001 | CEM.cems021641 | ||
| 008 | 130507b1992##################0###0#####d | ||
| 005 | 20240902183142.0 | ||
| 245 | 0 | 0 | |a El reconocimiento de Rusia : |b Un clima de mutua desconfianza. |
| 300 | |a 25 | ||
| 490 | 0 | |a Entre dos guerras | |
| 500 | |a En soporte VHS, consultar en ventanilla. | ||
| 505 | 0 | |a Revolución rusa. Desconocimiento norteamericano del régimen comunista. Lenin: personalidad. Trotzky. Tropas de EEUU. Deportaciones y persecuciones en EEUU de grupos socialistas. El terror rojo. Liga de las Naciones. | |
| 538 | |a Soporte: VHS - Norma: Pal N - Color - Grabación DRD 1992 - Hitachi=0000. | ||
| 082 | 9 | 7 | |. 91/SCH-1 |
| 653 | |a COMUNISMO | ||
| 653 | |a LENIN | ||
| 653 | |a RUSIA | ||
| 653 | |a REVOLUCION RUSA | ||
| 653 | |a RUSIA-HISTORIA | ||
| 653 | |a EUROPA-HISTORIA | ||
| 653 | |a EUROPA | ||
| 653 | |a TROTZKI | ||
| 653 | |a NIVEL SECUNDARIO | ||
| 859 | |a CEMS |b BIB. CEMS - Depto. Recursos Didacticos |h 973.91 |i SCH-1 |k DRD |p 284.12 |t Ej.1 | ||
